| 000 | 00409nam a2200133Ia 4500 | ||
|---|---|---|---|
| 008 | 220216s9999 xx 000 0 und d | ||
| 100 | _aShahabudin Bin Shafie | ||
| 245 | 0 | _aCentralised processing centre (CPC) as a new approach in processing smallholders rubber | |
| 650 | _aRubber processing | ||
| 650 | _aSmallholder sector | ||
| 700 | _aAliasak Bin Hj Ambia | ||
| 700 | _aMonyvellu Suppiah | ||
| 942 | _cJS | ||
| 999 |
_c55267 _d55267 |
||